Biblioteca y Centro de Documentación

Catálogo nacional de hospitales (Registro nro. 7201)

Detalles MARC
000 -CABECERA
Longitud fija campo de control 01483nam a2200361 c 4500
001 - NÚMERO DE CONTROL
Número de control 7201
003 - IDENTIFICADOR DE NÚMERO DE CONTROL
Identificador del número de control ES-MaCES
005 - FECHA Y HORA DE LA ÚLTIMA TRANSACCIÓN
Fecha y hora de la última transacción 20141221121902.0
008 - CAMPO FIJO DE DESCRIPCIÓN FIJA--INFORMACIÓN GENERAL
Códigos de información de longitud fija   980724s1998 sp d ||| | spa d
017 ## - NÚMERO DE REGISTRO DE DERECHOS DE AUTOR Y DEPÓSITO LEGAL
Número de copyright o de depósito legal M. 921-1998
Agencia que asigna el número DL
020 ## - ISBN (INTERNATIONAL STANDARD BOOK NUMBER)
Número Internacional Normalizado para Libros (ISBN) 8434009773
024 7# - OTROS IDENTIFICADORES
Número normalizado o código 007-97-079-3 (Boletín Oficial del Estado)
Fuente del número o código nipo
024 7# - OTROS IDENTIFICADORES
Número normalizado o código 351-97-017-6 (Ministerio de Sanidad y Consumo)
Fuente del número o código nipo
035 ## - NÚMERO DE CONTROL DEL SISTEMA
Número de control del sistema CES19980072739m
040 ## - FUENTE DE CATALOGACIÓN
Centro catalogador de origen ES-MaCES
Lengua de catalogación spa
Centro transcriptor ES-MaCES
245 00 - MENCIÓN DE TÍTULO
Título Catálogo nacional de hospitales
Resto del título : actualizado a 31 de diciembre de 1996
Mención de responsabilidad, etc. [elaboración, Subdirección General de Epidemiología, Promoción y Educación para la Salud, Dirección General de Salud Pública]
260 ## - PUBLICACIÓN, DISTRIBUCIÓN, ETC (PIE DE IMPRENTA)
Lugar de publicación, distribución, etc. Madrid
Nombre del editor, distribuidor, etc. Ministerio de Sanidad y Consumo
Fecha de publicación, distribución, etc. D.L. 1988
Nombre del editor, distribuidor, etc. Boletín Oficial del Estado
300 ## - DESCRIPCIÓN FÍSICA
Extensión 389 p.
Otras características físicas gráf. col.
Dimensiones 16x22 cm
Material anejo 1 disquete
500 ## - NOTA GENERAL
Nota general En la cub., además: Información sanitaria y epidemiología
541 ## - NOTA DE LA FUENTE INMEDIANTE DE ADQUISICIÓN
Forma de adquisición Gratuito
650 #4 - ASIENTO SECUNDARIO DE MATERIA--TÉRMINO DE MATERIA
Término de materia o nombre geográfico como elemento inicial hospital
9 (RLIN) 27059
650 #4 - ASIENTO SECUNDARIO DE MATERIA--TÉRMINO DE MATERIA
Término de materia o nombre geográfico como elemento inicial España
9 (RLIN) 26964
650 #4 - ASIENTO SECUNDARIO DE MATERIA--TÉRMINO DE MATERIA
Término de materia o nombre geográfico como elemento inicial Comunidades Autónomas
9 (RLIN) 30768
650 #4 - ASIENTO SECUNDARIO DE MATERIA--TÉRMINO DE MATERIA
Término de materia o nombre geográfico como elemento inicial catálogo
9 (RLIN) 28970
650 #4 - ASIENTO SECUNDARIO DE MATERIA--TÉRMINO DE MATERIA
Término de materia o nombre geográfico como elemento inicial directorio
9 (RLIN) 28972
653 10 - TÉRMINO DE INDEXACIÓN--NO CONTROLADO
Término no controlado Obras de referencia
710 1# - ENCABEZAMIENTO SECUNDARIO--NOMBRE CORPORATIVO
Nombre de entidad o nombre de jurisdicción como elemento inicial España
Unidad subordinada Ministerio de Sanidad y Consumo
Término indicativo de función ed.
9 (RLIN) 3269
710 2# - ENCABEZAMIENTO SECUNDARIO--NOMBRE CORPORATIVO
Nombre de entidad o nombre de jurisdicción como elemento inicial Boletín Oficial del Estado (España)
Término indicativo de función ed.
9 (RLIN) 1662
710 1# - ENCABEZAMIENTO SECUNDARIO--NOMBRE CORPORATIVO
Nombre de entidad o nombre de jurisdicción como elemento inicial España
Unidad subordinada Subdirección General de Epidemiología, Promoción y Educación para la Salud
9 (RLIN) 3409
902 ## - CES. TIPO DE DOCUMENTO
Tipodoc (006$c Sirtex) LIB Libro
942 ## - ELEMENTOS KOHA
Fuente de clasificaión o esquema Clasificación propia del CES
Koha [por defecto] tipo de item Monografías
Parte de clasificación 9.2.
Existencias
Número de registro Signatura completa Número de copia Tipo de item de Koha
026458 DPT-10462 0001 Monografías
026459 SR-DISQ-63 0002 Monografías
© CES, Consejo Económico y Social de España 2021